[Event "Ambelokipi op 100th"]
[Site "Athens"]
[Date "2009.11.25"]
[Round "6"]
[White "Mbaskas, Vangelis"]
[Black "Panagiotakos, Nikolaos"]
[Result "0-1"]
[WhiteElo "1985"]
[BlackElo "2175"]
[PlyCount "76"]
[EventDate "2009.11.07"]
[EventType "swiss"]
[EventRounds "6"]
[EventCountry "GRE"]
[SourceTitle "EXT 2024"]
[Source "ChessBase"]
[SourceDate "2023.10.10"]
[SourceVersion "1"]
[SourceVersionDate "2023.10.10"]
[SourceQuality "1"]

1. e4 e5 2. Nf3 Nc6 3. Bb5 a6 4. Ba4 Nf6 5. d3 b5 6. Bb3 Be7 7. c3 d6 8. h3 0-0 9. 0-0 Na5 10. Bc2 c5 11. Bg5 Re8 12. Nbd2 h6 13. Bh4 Nh5 14. Bg3 Nxg3 15. fxg3 Be6 16. Qe2 Nc6 17. Kh2 Qc7 18. b3 d5 19. Rfd1 dxe4 20. dxe4 Rad8 21. Rac1 Qa5 22. Bb1 Rd7 23. Nf1 c4 24. b4 Qa3 25. Qc2 a5 26. bxa5 Red8 27. Ne3 Bc5 28. Re1 Bxe3 29. Rxe3 Nb4 30. cxb4 Qxe3 31. Nxe5 Rd2 32. Qc3 Rxg2+ 33. Kxg2 Rd2+ 34. Kh1 Rd1+ 35. Rxd1 Qxc3 36. Rd8+ Kh7 37. Nd3 cxd3 38. Bxd3 Bc4 0-1

[Event "Athens Smaok op 1th"]
[Site "Athens"]
[Date "2006.12.21"]
[Round "7.10"]
[White "Andronis, Vasilios"]
[Black "Mbaskas, Vangelis"]
[Result "1-0"]
[WhiteElo "2076"]
[BlackElo "1984"]
[PlyCount "91"]
[EventDate "2006.11.10"]
[EventType "swiss"]
[EventRounds "6"]
[EventCountry "GRE"]
[SourceTitle "EXT 2024"]
[Source "ChessBase"]
[SourceDate "2023.10.10"]
[SourceVersion "1"]
[SourceVersionDate "2023.10.10"]
[SourceQuality "1"]

1. c4 e5 2. Nc3 Nf6 3. Nf3 Nc6 4. g3 a6 5. Bg2 Bc5 6. 0-0 d6 7. a3 a5 8. e3 Bg4 9. h3 Bh5 10. g4 Bg6 11. d4 Ba7 12. b4 e4 13. Nd2 axb4 14. axb4 0-0 15. b5 Ne7 16. Ndxe4 Nxe4 17. Nxe4 Qd7 18. Nc3 c6 19. Qb3 Qc7 20. Rxa7 Qb6 21. Rxa8 Rxa8 22. Bb2 h5 23. Ra1 Rxa1+ 24. Bxa1 hxg4 25. hxg4 Kh7 26. Qb2 Qc7 27. d5 f6 28. bxc6 bxc6 29. dxc6 Nxc6 30. Nd5 Qc8 31. Qe2 Qa6 32. Bc3 Qa4 33. Nf4 Bf7 34. Qd3+ Kg8 35. Bd5 Ne5 36. Bxe5 dxe5 37. Bxf7+ Kxf7 38. Qd5+ Ke8 39. Qg8+ Kd7 40. Qxg7+ Kc6 41. Qxf6+ Kb7 42. Nd5 Qd1+ 43. Kh2 Qb1 44. Qb6+ Qxb6 45. Nxb6 Kxb6 46. g5 1-0

[Event "Athens Smaok op 1th"]
[Site "Athens"]
[Date "2006.12.08"]
[Round "5"]
[White "Mbaskas, Vangelis"]
[Black "Galanos, Dimitrios"]
[Result "1-0"]
[WhiteElo "1984"]
[BlackElo "2147"]
[PlyCount "89"]
[EventDate "2006.11.10"]
[EventType "swiss"]
[EventRounds "6"]
[EventCountry "GRE"]
[SourceTitle "EXT 2024"]
[Source "ChessBase"]
[SourceDate "2023.10.10"]
[SourceVersion "1"]
[SourceVersionDate "2023.10.10"]
[SourceQuality "1"]

1. e4 d5 2. exd5 Nf6 3. c4 e6 4. dxe6 Bxe6 5. Nf3 Qe7 6. Qe2 Nc6 7. d4 0-0-0 8. d5 Qb4+ 9. Nc3 Bxd5 10. cxd5 Nxd5 11. Qc2 Qe7+ 12. Be2 Ncb4 13. Qb3 Nd3+ 14. Kf1 N5f4 15. Be3 Nxe2 16. Nxe2 Qd7 17. Rd1 Qd5 18. Qxd5 Rxd5 19. Nc3 Rd7 20. b3 Bb4 21. Nb1 Re8 22. g3 f6 23. Ke2 Red8 24. a3 Bf8 25. b4 g5 26. h3 a5 27. Bd4 Nxb4 28. axb4 Bxb4 29. Be3 Bd6 30. Rd5 b6 31. Rc1 Kb7 32. Rb5 c5 33. Nbd2 Ka6 34. Rcb1 Bc7 35. Nc4 Re7 36. Nfd2 Re6 37. g4 h5 38. f3 hxg4 39. hxg4 Rh8 40. Ne4 Rh2+ 41. Kd3 Rh3 42. Rxa5+ Kb7 43. Nxc5+ Kc6 44. Nxe6 bxa5 45. Nxc7 1-0

[Event "Pagrati CC-ch"]
[Site "Pagrati"]
[Date "2006.11.03"]
[Round "6.3"]
[White "Mbaskas, Vangelis"]
[Black "Galanos, Dimitrios"]
[Result "0-1"]
[WhiteElo "1979"]
[BlackElo "2147"]
[PlyCount "88"]
[EventDate "2006.09.28"]
[EventType "swiss"]
[EventRounds "7"]
[EventCountry "GRE"]
[SourceTitle "EXT 2024"]
[Source "ChessBase"]
[SourceDate "2023.10.10"]
[SourceVersion "1"]
[SourceVersionDate "2023.10.10"]
[SourceQuality "1"]

1. e4 d5 2. exd5 Nf6 3. Nf3 Nxd5 4. d4 g6 5. c4 Nb6 6. Nc3 Bg7 7. Be3 0-0 8. h4 Bg4 9. Be2 Nc6 10. d5 Bxf3 11. Bxf3 Ne5 12. Bxb6 axb6 13. Be2 Qd6 14. h5 Qb4 15. Qd2 Nxc4 16. Bxc4 Qxc4 17. Nd1 Rxa2 18. Rxa2 Qxa2 19. Rh3 e6 20. hxg6 hxg6 21. Nc3 Qa1+ 22. Ke2 exd5 23. Nxd5 Re8+ 24. Kf3 Qa4 25. Kg3 Qd4 26. Qxd4 Bxd4 27. b3 c6 28. Nb4 Re2 29. f4 Bg1 30. Nd3 Kg7 31. Kf3 Re3+ 32. Kg4 f5+ 33. Kh4 Rxh3+ 34. Kxh3 Bd4 35. g4 fxg4+ 36. Kxg4 Kf6 37. Ne1 b5 38. Nf3 c5 39. b4 b6 40. Ng5 c4 41. Ne4+ Ke6 42. Kf3 Kd5 43. Ng3 Bc3 44. Ke3 Bxb4 0-1

[Event "Heraclion op 10th"]
[Site "Athens"]
[Date "2006.06.18"]
[Round "9"]
[White "Sklavounos, Panayotis"]
[Black "Mbaskas, Vangelis"]
[Result "0-1"]
[WhiteElo "2031"]
[BlackElo "1979"]
[PlyCount "118"]
[EventDate "2006.06.10"]
[EventType "swiss"]
[EventRounds "9"]
[EventCountry "GRE"]
[SourceTitle "CBM 112 Extra"]
[Source "ChessBase"]
[SourceDate "2006.07.14"]
[SourceVersion "1"]
[SourceVersionDate "2006.07.14"]
[SourceQuality "1"]

1. e4 e5 2. Nf3 Nc6 3. Bb5 a6 4. Ba4 Nf6 5. 0-0 b5 6. Bb3 Be7 7. Re1 0-0 8. d4 Nxd4 9. Nxd4 exd4 10. e5 Ne8 11. c3 dxc3 12. Nxc3 Bb7 13. Qd3 Bc5 14. Ne4 Bxe4 15. Qxe4 d6 16. Be3 Bxe3 17. Rxe3 dxe5 18. Rd1 Nd6 19. Qxe5 Re8 20. Qf4 Rxe3 21. Bxf7+ Kh8 22. fxe3 Qe7 23. Bh5 Rf8 24. Qg3 Nf5 25. Qh3 Qxe3+ 26. Qxe3 Nxe3 27. Re1 Nd5 28. Bf7 Nf4 29. Re7 c5 30. g3 Nd3 31. b3 g6 32. Ra7 Nb4 33. a3 Nc2 34. Bd5 Rf6 35. Rc7 Ne3 36. Bg2 c4 37. bxc4 Nxc4 38. a4 Rb6 39. Bf1 Nd2 40. a5 Rf6 41. Be2 Nb3 42. Ra7 h5 43. h4 Nxa5 44. Bxb5 axb5 45. Rxa5 Rb6 46. Ra3 Kg7 47. Kf2 Kf6 48. Ke3 Ke5 49. Ra5 Kd5 50. Ra1 Kc4 51. Rc1+ Kb3 52. Kd4 Kb2 53. Rf1 Rc6 54. Rf2+ Kb3 55. Rf3+ Ka4 56. Kd5 Rc4 57. Rf6 Rg4 58. Kc5 b4 59. Rb6 Ka3 0-1

[Event "Heraclion op 10th"]
[Site "Athens"]
[Date "2006.06.17"]
[Round "8"]
[White "Mbaskas, Vangelis"]
[Black "Kaforos, Dimitrios Alkis"]
[Result "1-0"]
[WhiteElo "1979"]
[BlackElo "1837"]
[PlyCount "107"]
[EventDate "2006.06.10"]
[EventType "swiss"]
[EventRounds "9"]
[EventCountry "GRE"]
[SourceTitle "CBM 112 Extra"]
[Source "ChessBase"]
[SourceDate "2006.07.14"]
[SourceVersion "1"]
[SourceVersionDate "2006.07.14"]
[SourceQuality "1"]

1. e4 c5 2. Nf3 g6 3. Bc4 e6 4. Nc3 Bg7 5. e5 Nc6 6. Qe2 Nh6 7. Ne4 0-0 8. Nxc5 Qa5 9. Nb3 Qc7 10. d4 d6 11. exd6 Qxd6 12. c3 Nf5 13. 0-0 e5 14. Rd1 exd4 15. Nbxd4 Nfxd4 16. Nxd4 Nxd4 17. cxd4 Bf5 18. Be3 Rfe8 19. Qf3 Qd7 20. h3 h5 21. Rac1 Rac8 22. Bb3 Be4 23. Qg3 Bd5 24. Bxd5 Qxd5 25. b3 Qa5 26. Rxc8 Rxc8 27. Qf3 Qxa2 28. Qxb7 Rc3 29. b4 Qb3 30. Re1 Rc4 31. Qa8+ Kh7 32. Qxa7 Qxb4 33. Rf1 Bxd4 34. Bxd4 Rxd4 35. Qxf7+ Kh6 36. Qg8 Rd7 37. Qh8+ Rh7 38. Qe5 Qe7 39. Qc3 Rf7 40. f4 Kh7 41. Kh1 Qc7 42. Qf3 Qc4 43. Kh2 Kg7 44. Rf2 Qd4 45. g3 Re7 46. f5 Rf7 47. g4 hxg4 48. hxg4 gxf5 49. gxf5 Qh4+ 50. Kg1 Kg8 51. Qa8+ Rf8 52. Rg2+ Kf7 53. Qd5+ Ke7 54. Qe6+ 1-0